| 000 | 00433cam a2200169ua 4500 | ||
|---|---|---|---|
| 003 | OSt | ||
| 008 | 241223b |||||||| |||| 00| 0 eng d | ||
| 041 | _aeng | ||
| 082 |
_a621.3133 _bSAY/PE |
||
| 100 |
_aSay, M G . _96567 |
||
| 245 | _aPerformance and design of alternating current machines / | ||
| 250 | _a3 / | ||
| 260 |
_aLondon : _bSir Isaac Pitman & Sons Ltd , _c1962. |
||
| 300 | _a664 ; . | ||
| 500 | _a*CSS | ||
| 942 | _cBK | ||
| 999 |
_c8970 _d8970 |
||